[Event "KSA SSS 25/26, Hostivice-Roztoky"]
[Site "ChessDB.cz"]
[Date "2026.02.08"]
[Round "-"]
[White "Kretschmer, Jaroslav"]
[Black "Dbaly, Vaclav"]
[Result "1-0"]
[WhiteElo "1807"]
[BlackElo "1836"]
1. d4 Nf6 2. Nf3 d5 3. g3 g6 4. Bg2 Bg7 5. O-O O-O 6. Re1 c6 7. Nbd2 Be6 8. c3 Qc8 9. e4 dxe4 10. Nxe4 Re8 11. Bg5 Nbd7 12. Qd2 h5 13. Bh6 Nxe4 14. Rxe4 Bh8 15. Rae1 Nf6 16. Rh4 Qd7 17. Ne5 Qd8 18. Nxg6 fxg6 19. Rxe6 Kf7 20. Re2 Qa5 21. Bh3 e6 22. a3 Rad8 23. Re5 Rd5 24. Qf4 Qd8 25. Bg5 Rd6 26. g4 hxg4 27. Bxg4 Bg7 28. Rh7 Kg8 29. Rh3 Nd5 30. Rxd5 1-0

[Event "KSA SSS 25/26, JAWA Brodce B - TJ Hostiv"]
[Site "ChessDB.cz"]
[Date "2026.01.25"]
[Round "-"]
[White "Vnoucek, Martin"]
[Black "Dbaly, Vaclav"]
[Result "0-1"]
[WhiteElo "1704"]
[BlackElo "1829"]
1. c4 e5 2. Nc3 Nc6 3. Nf3 Nf6 4. d3 d6 5. g3 Bd7 6. Bg2 Be7 7. b3 Qc8 8. Bb2 Bh3 9. O-O Bxg2 10. Kxg2 h6 11. e3 O-O 12. Nd5 Qd7 13. Re1 Rfe8 14. e4 Bd8 15. a3 b6 16. b4 Nxd5 17. cxd5 Ne7 18. Nh4 g5 19. Nf3 Ng6 20. Qc2 Rf8 21. d4 f6 22. dxe5 fxe5 23. Ng1 Qg4 24. h3 Qd7 25. Qe2 Bf6 26. Qh5 Kh7 27. Re2 Rac8 28. Nf3 Qf7 29. Kh2 Be7 30. Re3 Qe8 31. Bc1 Kg7 32. Kh1 c5 33. dxc6 Rxc6 34. Kg1 Qc8 35. Bd2 Rc2 36. Qg4 Qxg4 37. hxg4 Rxf3 38. Rxf3 Rxd2 39. Rc1 a5 40. bxa5 bxa5 41. Rc7 Rd4 42. Rb3 Rxe4 43. Rbb7 Kf6 44. Ra7 Ra4 45. Rc3 Ke6 46. f4 gxf4 47. gxf4 Nxf4 48. Rcc7 Nd5 49. Rc6 Rxa3 50. Raa6 Nb4 0-1

[Event "KSA SSS 25/26, Hostivice-Rakovnik"]
[Site "ChessDB.cz"]
[Date "2025.11.30"]
[Round "-"]
[White "Kalvach, David"]
[Black "Dbaly, Vaclav"]
[Result "1/2-1/2"]
[WhiteElo "1560"]
[BlackElo "1824"]
1. c4 d6 2. d4 Nf6 3. Nc3 g6 4. Bf4 Bg7 5. Nf3 O-O 6. h3 c6 7. e3 d5 8. cxd5 Nxd5 9. Bg3 Qa5 10. Qb3 Nd7 11. Bd3 N7f6 12. O-O Qb6 13. Qxb6 axb6 14. a3 b5 15. Rfc1 Be6 16. Nd2 Ra7 17. Nde4 Nxc3 18. Nxc3 Rfa8 19. Rab1 Nd5 20. Nxd5 Bxd5 21. Rc2 f5 22. Be5 Bxe5 23. dxe5 Kf7 24. f4 Ra4 25. Rd2 Rd8 26. Rbd1 Raa8 27. Bxb5 Rdc8 28. Be2 Bb3 29. Rc1 Rd8 30. Rd3 Rxd3 31. Bxd3 Bd5 32. Bc4 Ke6 33. Bxd5+ Kxd5 34. Kf2 b5 35. Ke2 1/2-1/2

[Event "KSA SSS 25/26 Neratovice C - Hostivice"]
[Site "ChessDB.cz"]
[Date "2025.11.16"]
[Round "-"]
[White "Dbaly, Vaclav"]
[Black "Verner, Ondrej"]
[Result "1/2-1/2"]
[WhiteElo "1824"]
[BlackElo "1299"]
1. e4 e5 2. Nf3 Nc6 3. Bb5 Nf6 4. d3 d6 5. h3 Bd7 6. Be3 g6 7. Qd2 Bg7 8. O-O a6 9. Ba4 O-O 10. c3 Re8 11. Bb3 Be6 12. Bxe6 fxe6 13. Qc2 d5 14. Bg5 d4 15. c4 Qd6 16. a3 Ne7 17. Nbd2 c5 18. Rfb1 h6 19. Bxf6 Bxf6 20. b4 Rab8 21. Rb2 b6 22. Nf1 Nc6 23. b5 axb5 24. cxb5 Na5 25. N3d2 Rec8 26. Nc4 Nxc4 27. Qxc4 Ra8 28. a4 Bd8 29. Qc1 Kg7 30. Rc2 Ra7 31. Qd1 Rca8 32. Rc4 Rf7 33. Ra2 Rfa7 34. Nh2 Rf7 35. Nf3 Rfa7 1/2-1/2

[Event "KSA SSS 25/26, Hostivice - Kolesovice B"]
[Site "ChessDB.cz"]
[Date "2025.11.02"]
[Round "-"]
[White "Dbaly, Vaclav"]
[Black "Urban, Tomas"]
[Result "1-0"]
[WhiteElo "1824"]
[BlackElo "1851"]
1. e4 d5 2. exd5 Nf6 3. Nc3 Nxd5 4. Nxd5 Qxd5 5. Nf3 Bg4 6. Be2 e6 7. c3 Be7 8. Qa4+ Nc6 9. Qxg4 O-O-O 10. O-O h5 11. Qc4 Qf5 12. d4 h4 13. h3 g5 14. Nh2 Qg6 15. f4 Rhg8 16. Qd3 f5 17. Rf2 Bd6 18. fxg5 Bg3 19. Rf1 Ne5 20. Qc2 Nf7 21. Nf3 Qg7 22. Bc4 Rd6 23. Kh1 f4 24. Qe2 Re8 25. b3 Nd8 26. Ba3 Rd7 27. Ne5 f3 28. Rxf3 Bxe5 29. Qxe5 Qg6 30. Raf1 1-0

[Event "KSA SSS 24/25, Hostivice-Klokani z Kralup"]
[Site "ChessDB.cz"]
[Date "2025.03.16"]
[Round "-"]
[White "Dbaly, Vaclav"]
[Black "Framberk, Jan"]
[Result "1/2-1/2"]
[WhiteElo "1820"]
[BlackElo "1972"]
1. e4 c5 2. Nf3 Nc6 3. d4 cxd4 4. Nxd4 g6 5. Be3 Bg7 6. c3 Nf6 7. Nd2 O-O 8. Be2 d5 9. Nxc6 bxc6 10. Bf3 Ba6 11. Qc2 e5 12. Nb3 dxe4 13. Bxe4 Nxe4 14. Qxe4 Qd5 15. Qxd5 cxd5 16. Nc5 Bb5 17. a4 Bc6 18. O-O Rab8 19. b4 d4 20. cxd4 exd4 21. Bd2 Rfe8 22. Rfe1 Bf8 23. Na6 Rbd8 24. b5 Bb7 25. Nb4 Rxe1+ 26. Rxe1 Rc8 27. Kf1 Kg7 28. f3 Rc4 29. Rb1 Bc8 30. Ke2 Bf5 31. Rb3 Be6 32. Rb1 Bf5 33. Rb3 Bd6 34. h3 Be6 35. Rb1 Bc7 36. g4 h5 37. Kd3 Bb6 38. Ra1 hxg4 1/2-1/2

[Event "KSA SSS 24/25 Ricany E - Hostivice A"]
[Site "ChessDB.cz"]
[Date "2025.01.26"]
[Round "-"]
[White "Dbaly, Vaclav"]
[Black "Hampl, David"]
[Result "0-1"]
[WhiteElo "1830"]
[BlackElo "1827"]
1. e4 c6 2. Nc3 d5 3. exd5 cxd5 4. d4 Nc6 5. h3 Bf5 6. a3 e6 7. Nf3 Nf6 8. Bf4 Bd6 9. Bxd6 Qxd6 10. Bd3 Ne4 11. Bxe4 dxe4 12. Nb5 Qd7 13. Nh4 a6 14. Nxf5 exf5 15. Nc3 Qxd4 16. Qxd4 Nxd4 17. O-O-O O-O-O 18. Rd2 Rd6 19. Rhd1 Rhd8 20. Kb1 Kc7 21. Re1 Ne6 22. Rxd6 Rxd6 23. Ne2 f4 24. Kc1 g5 25. g4 fxg3 26. Nxg3 Nf4 27. Nxe4 Re6 28. Re3 h6 29. b3 Kc6 30. Kb2 Kd5 31. Nc3+ Kd4 32. Rf3 Re1 33. h4 f6 34. a4 Ke5 35. hxg5 fxg5 36. Nb1 h5 37. Nd2 h4 38. Rc3 Re2 39. Nf3+ Kf6 40. Rc5 Nd3+ 0-1

[Event "KSA SSS 24/25, HostiviceA-Odolena VodaA"]
[Site "ChessDB.cz"]
[Date "2025.01.12"]
[Round "-"]
[White "Svihnos, Vladimir"]
[Black "Dbaly, Vaclav"]
[Result "0-1"]
[WhiteElo "1302"]
[BlackElo "1830"]
1. e4 d6 2. d4 Nf6 3. Nc3 g6 4. Nf3 Bg7 5. h3 O-O 6. Be3 c6 7. a4 Nbd7 8. Qd2 e5 9. Rd1 Qe7 10. Bd3 Re8 11. O-O Nf8 12. Rfe1 a6 13. Bg5 exd4 14. Nxd4 Ne6 15. Be3 Nxd4 16. Bxd4 c5 17. Be3 Be6 18. b3 Rad8 19. Bg5 Qd7 20. Re3 h6 21. Bf4 Nh5 22. Bh2 Bd4 23. Rf3 Kg7 24. Ne2 Bf6 25. Nf4 Nxf4 26. Bxf4 g5 27. Be3 Qe7 28. Rg3 Rg8 29. f4 Kf8 30. f5 Bd7 31. c4 Bc6 32. Rg4 Be5 33. h4 f6 34. hxg5 hxg5 35. Be2 Be8 36. Bxc5 Bh5 37. Kf2 Bxg4 38. Bxg4 Kg7 39. Bb6 Rd7 40. Qd3 Rh8 41. Kf3 Bf4 42. Be3 Qe5 43. Qd2 Bh2 44. Qf2 Re8 45. Rd4 Rde7 46. g3 Rh8 47. Rd5 Qxe4+ 48. Ke2 Qxg4+ 49. Kd2 Bxg3 50. Qg1 Rh2+ 51. Kc3 Qf3 52. Rd3 Be5+ 53. Bd4 Qxf5 54. Re3 Bxd4+ 55. Kxd4 Rxe3 56. Kxe3 Qc5+ 0-1

[Event "KSA SSS 24/25 SlanyVevary - Hostivice"]
[Site "ChessDB.cz"]
[Date "2024.12.15"]
[Round "-"]
[White "Dbaly, Vaclav"]
[Black "Hofner, Frantisek"]
[Result "0-1"]
[WhiteElo "1746"]
[BlackElo "1743"]
1. e4 c5 2. Nf3 Nc6 3. d4 cxd4 4. Nxd4 d6 5. Nc3 Nf6 6. Be2 a6 7. O-O e6 8. Be3 Be7 9. Qd2 Bd7 10. f4 O-O 11. h3 b5 12. a3 Qc7 13. Bf3 Rac8 14. Nxc6 Bxc6 15. Rad1 Rfd8 16. Qf2 Qb7 17. e5 Bxf3 18. exf6 Bxd1 19. fxe7 Qxe7 20. Rxd1 d5 21. Bd4 Rc6 22. Rd2 Rdc8 23. Nd1 b4 24. axb4 Qxb4 25. c3 Qe7 26. Re2 f6 27. Ne3 Qf7 28. Ng4 h5 29. Nh2 Rb8 30. Nf3 a5 31. Ne1 a4 32. Nd3 Qg6 33. Rxe6 Rxe6 34. f5 Qh7 35. fxe6 Qxd3 36. Qf4 Rxb2 37. Qc7 Qe2 38. Qg3 Qxe6 39. Qg6 h4 40. Bf2 Qe4 0-1

[Event "KSA SSS 24/25, Hostivice - Bustehrad"]
[Site "ChessDB.cz"]
[Date "2024.12.01"]
[Round "-"]
[White "Dbaly, Vaclav"]
[Black "Hruby, Filip"]
[Result "0-1"]
[WhiteElo "1849"]
[BlackElo "1873"]
1. e4 c6 2. d4 d5 3. exd5 cxd5 4. Nf3 Nc6 5. c3 Nf6 6. h3 Qb6 7. Nbd2 Bf5 8. Qb3 Qc7 9. Be2 g6 10. Nf1 Bg7 11. Ne3 Be6 12. O-O h6 13. Nh2 Rd8 14. Qc2 Ne4 15. Bf3 f5 16. Rd1 Bf7 17. g3 O-O 18. Ng2 Nxd4 19. Qd3 Nc6 20. Qe2 Ne5 21. Bxe4 dxe4 22. Ne3 Nd3 23. Nhf1 Qc8 24. Kh2 f4 25. gxf4 Nxf4 26. Qg4 Be6 27. Rxd8 Qxd8 28. Qg1 Nxh3 29. Ng4 Nxg1 0-1

[Event "KSA SSS 24/25, Hostivice A-Neratovice C"]
[Site "ChessDB.cz"]
[Date "2024.11.03"]
[Round "-"]
[White "Hadzala, Daniel"]
[Black "Dbaly, Vaclav"]
[Result "1-0"]
[WhiteElo "1959"]
[BlackElo "1864"]
1. Nf3 d5 2. g3 Nf6 3. Bg2 g6 4. O-O Bg7 5. d3 O-O 6. Nbd2 c6 7. c3 Nbd7 8. Qc2 Nb6 9. e4 dxe4 10. dxe4 Qc7 11. Re1 Rd8 12. a4 e5 13. a5 Nbd7 14. Nc4 Ne8 15. Bf1 Nf8 16. Bg5 f6 17. Be3 Be6 18. Bc5 Qf7 19. b3 g5 20. Bxf8 Bxf8 21. Ncxe5 Qh5 22. Nc4 Bg4 23. Nd4 Bc5 24. Qb2 Rd7 25. Ne3 Bxd4 26. cxd4 Rad8 27. Nxg4 Qxg4 28. Rad1 Kf8 29. Qc3 Qe6 30. Bc4 Qd6 31. Qf3 Kg7 32. e5 fxe5 33. dxe5 Qe7 34. Rxd7 Rxd7 35. Qf5 Nc7 36. e6 1-0

[Event "KSA SSS 24/25, Kolesovice B - Hostivice"]
[Site "ChessDB.cz"]
[Date "2024.10.13"]
[Round "-"]
[White "Dbaly, Vaclav"]
[Black "Cozl, David"]
[Result "0-1"]
[WhiteElo "1864"]
[BlackElo "1938"]
1. e4 c6 2. d4 d5 3. exd5 cxd5 4. Nf3 Nc6 5. c3 Nf6 6. Nbd2 g6 7. Be2 Bg7 8. O-O O-O 9. h3 Qc7 10. Nb3 Ne4 11. Be3 a5 12. Qc1 Re8 13. Bh6 Bh8 14. Bb5 Bd7 15. Bxc6 Bxc6 16. Qf4 Qxf4 17. Bxf4 a4 18. Nbd2 a3 19. bxa3 Nxc3 20. Be3 Rxa3 21. Nb1 Ne2+ 22. Kh1 Rd3 23. Ne1 Rd1 0-1

[Event "KSA SSS 21/22, Hostivice-Zvole"]
[Site "ChessDB.cz"]
[Date "2022.04.24"]
[Round "-"]
[White "Jungmann, Martin"]
[Black "Dbaly, Vaclav"]
[Result "1-0"]
[WhiteElo "1549"]
[BlackElo "1816"]
1. c4 e5 2. Nc3 Nc6 3. Nf3 Nf6 4. d3 Be7 5. g3 O-O 6. Bg2 d6 7. O-O h6 8. Bd2 Be6 9. Qc1 Nh7 10. Nd5 f5 11. Nxe7+ Qxe7 12. b4 Rf6 13. b5 Nd8 14. a4 g5 15. a5 c5 16. a6 Bc8 17. Ne1 e4 18. dxe4 fxe4 19. Nc2 bxa6 20. bxa6 Rb8 21. Ne3 Rf7 22. Nd5 Qe8 23. Qc2 Bf5 24. e3 Nf6 25. Nxf6+ Rxf6 26. Rfb1 Rxb1+ 27. Rxb1 Nc6 28. Rb7 Bc8 29. Rc7 Nb8 30. Bxe4 Nxa6 31. Bd5+ Kf8 32. Rh7 Bf5 33. Rh8+ Kg7 34. Rxe8 Bxc2 35. Bc3 Kg6 36. Rg8+ 1-0

[Event "KSA SSS 21/22, Pribram B - Hostivice"]
[Site "ChessDB.cz"]
[Date "2022.04.03"]
[Round "-"]
[White "Kovarik, Vojtech"]
[Black "Dbaly, Vaclav"]
[Result "1-0"]
[WhiteElo "1641"]
[BlackElo "1816"]
1. e4 d6 2. Nf3 Nf6 3. Nc3 c5 4. Bc4 Nc6 5. O-O Bg4 6. h3 Bh5 7. b3 a6 8. Bb2 e6 9. Be2 e5 10. Nxe5 Bxe2 11. Nxc6 bxc6 12. Qxe2 Be7 13. e5 dxe5 14. Qxe5 O-O 15. Ne4 Re8 16. Qg5 Kf8 17. Rfe1 Qd5 18. Bxf6 Bxf6 19. Nxf6 gxf6 20. Qxf6 Kg8 21. d3 Rac8 22. Re7 Rcd8 23. Rae1 Rxe7 24. Rxe7 1-0

[Event "KSA SSS 21/22, Hostivice- Nova Kladno"]
[Site "ChessDB.cz"]
[Date "2022.03.20"]
[Round "-"]
[White "Habada, Jindrich"]
[Black "Dbaly, Vaclav"]
[Result "1-0"]
[WhiteElo "1731"]
[BlackElo "1829"]
1. e4 d6 2. d4 g6 3. f4 Bg7 4. Nf3 Bd7 5. Nc3 c6 6. Be3 a6 7. Bd3 Bg4 8. Be2 Nd7 9. Qd2 Bxf3 10. Bxf3 e5 11. O-O Qc7 12. dxe5 dxe5 13. Rad1 Rd8 14. f5 Ngf6 15. Kh1 O-O 16. Qf2 Ne8 17. g4 Nd6 18. Be2 b5 19. a3 f6 20. g5 Rde8 21. gxf6 Rxf6 22. Bg5 Rf7 23. Qh4 Bf6 24. fxg6 hxg6 25. Bxf6 Rh7 26. Qg5 Nf8 27. Bxe5 Nf7 28. Bxc7 Nxg5 29. Rd8 Rxd8 30. Bxd8 Nge6 31. Bb6 Nd7 32. Be3 Rh4 33. Bf2 Rf4 34. Bg3 Rxf1+ 35. Bxf1 Nd4 36. Bd3 Kg7 37. Ne2 Nf3 38. Kg2 Ng5 39. Bf4 Ne6 40. Be3 c5 41. c4 Ne5 42. Nc1 bxc4 43. Bc2 Kf6 44. Ne2 Ng4 45. Bd2 Ke5 46. h3 Nf6 47. Kf3 Nd4+ 48. Nxd4 cxd4 49. Bf4+ Ke6 50. Ba4 Nh5 51. Bg5 d3 52. Be8 Ng7 53. Bxg6 Ke5 54. Bd2 Ne6 55. Bc3+ Kd6 56. h4 Nc5 57. Bb4 d2 58. Ke2 1-0

[Event "KSA SSS 19/20 Roztoky-Hostivice"]
[Site "ChessDB.cz"]
[Date "2020.02.09"]
[Round "-"]
[White "Framberk, Jan"]
[Black "Dbaly, Vaclav"]
[Result "1/2-1/2"]
[WhiteElo "1948"]
[BlackElo "1845"]
1. e4 d6 2. d4 Nf6 3. Nc3 g6 4. Bg5 Bg7 5. e5 Ng8 6. Nf3 d5 7. Qd2 c6 8. Be2 Be6 9. O-O Nd7 10. b4 h5 11. Nh4 Nh6 12. Nd1 Nb6 13. Ne3 Qd7 14. a4 Nf5 15. Nhxf5 Bxf5 16. a5 Nc8 17. Nxf5 Qxf5 18. Bd3 Qd7 19. Rae1 e6 20. h3 a6 21. f4 Ne7 22. c3 O-O-O 23. Qe2 Rde8 24. Ra1 Kb8 25. Rfb1 Ka7 26. Qb2 Nf5 27. Qf2 Bh6 28. Bf6 Rhg8 29. g4 hxg4 30. hxg4 Ne7 31. g5 Bg7 32. Kg2 Bxf6 33. exf6 Nf5 34. Rh1 Rh8 35. Rxh8 Rxh8 36. Bxf5 exf5 37. Re1 Re8 38. Re5 Kb8 39. Qe3 Rxe5 40. Qxe5+ Kc8 41. Kf3 Kd8 42. Ke3 Qe8 43. Kd3 Qd7 44. c4 Kc8 45. Kc3 Kd8 46. Kb3 Kc8 47. Kc3 Kd8 48. cxd5 cxd5 49. Qb8+ Qc8+ 50. Qxc8+ Kxc8 51. b5 Kc7 52. Kb4 Kd6 53. Ka4 Kc7 54. Kb4 Kd6 55. Ka4 1/2-1/2

[Event "KSA, SSS 19/20, Hostivice A - Zdice A"]
[Site "ChessDB.cz"]
[Date "2020.01.26"]
[Round "-"]
[White "Civin, Dominik"]
[Black "Dbaly, Vaclav"]
[Result "1-0"]
[WhiteElo "1974"]
[BlackElo "1843"]
1. e4 d6 2. Nf3 Nf6 3. Nc3 g6 4. d3 Bg7 5. Bg5 c6 6. Be2 Nbd7 7. Qd2 h6 8. Be3 Qc7 9. Nh4 d5 10. f4 dxe4 11. dxe4 Nb6 12. a4 Be6 13. f5 gxf5 14. Nxf5 Bxf5 15. exf5 Nfd5 16. O-O Nxe3 17. Qxe3 O-O-O 18. Rad1 Kb8 19. a5 Nd5 20. Nxd5 cxd5 21. c3 Be5 22. h3 f6 23. a6 b6 24. Bf3 Qc4 25. Kh1 Rd6 26. Rd3 Qxa6 27. Rfd1 Rhd8 28. Bxd5 Kc7 29. c4 Qa5 30. Ra3 Qc5 31. Rxa7+ Kb8 32. Rda1 Rxd5 33. Ra8+ Kc7 34. R1a7+ Kc6 35. cxd5+ Qxd5 36. Qc1+ Kb5 37. Rxd8 Qxd8 38. Qf1+ Kc6 39. Qc4+ 1-0

[Event "KSA SSS 19/20, Kolesovice B-Hostivice"]
[Site "ChessDB.cz"]
[Date "2020.01.12"]
[Round "-"]
[White "Dbaly, Vaclav"]
[Black "Slegr, Josef"]
[Result "1-0"]
[WhiteElo "1854"]
[BlackElo "1636"]
1. e4 e5 2. Nf3 Nc6 3. Bb5 Nge7 4. c3 Ng6 5. d3 a6 6. Ba4 b5 7. Bb3 Be7 8. Be3 d6 9. O-O O-O 10. h3 Na5 11. Bc2 c5 12. Nbd2 f5 13. Nb3 fxe4 14. dxe4 Be6 15. Nxa5 Qxa5 16. Ng5 Bf7 17. Nxf7 Rxf7 18. a4 Qd8 19. axb5 axb5 20. Qd5 Ra5 21. b4 Rxa1 22. Rxa1 Qc7 23. Bb3 Bf8 24. Qa8 1-0

[Event "KSA SSS 19/20, Odolena Voda - Hostivice"]
[Site "ChessDB.cz"]
[Date "2019.12.15"]
[Round "-"]
[White "Netik, Josef"]
[Black "Dbaly, Vaclav"]
[Result "1/2-1/2"]
[WhiteElo "1890"]
[BlackElo "1854"]
1. e4 d6 2. d4 Nf6 3. f3 g6 4. Bc4 Nbd7 5. Ne2 Bg7 6. Be3 e5 7. c3 O-O 8. O-O Re8 9. Nd2 Nb6 10. Bb3 Be6 11. d5 Bd7 12. c4 h6 13. Ng3 Nh7 14. Bc2 Nc8 15. Rb1 Ne7 16. f4 exf4 17. Rxf4 g5 18. Rf1 Ng6 19. Nf5 Bxf5 20. Rxf5 Ne5 21. Qe2 Nf6 22. Rbf1 c5 23. dxc6 bxc6 24. Bd4 c5 25. Bxe5 Rxe5 26. Rxe5 dxe5 27. Nf3 Qe7 28. Rd1 Rd8 29. Rxd8+ Qxd8 30. Qd2 Qe7 31. a3 Bf8 32. Qc3 Nd7 33. Ba4 Nb6 34. Bc6 f6 35. Qd3 Kg7 36. b3 Qd6 37. Qxd6 Bxd6 38. g4 Nc8 39. Bd7 Ne7 40. Kf2 Ng6 41. Ne1 Nf4 42. Ke3 a5 1/2-1/2

[Event "KSA SSS 19/20, Hostivice - Sedlcany"]
[Site "ChessDB.cz"]
[Date "2019.12.01"]
[Round "-"]
[White "Mandovec, Antonin"]
[Black "Dbaly, Vaclav"]
[Result "1-0"]
[WhiteElo "1776"]
[BlackElo "1852"]
1. d4 Nf6 2. Bf4 d5 3. e3 a6 4. Bd3 g6 5. c3 Bg7 6. Nd2 O-O 7. Ngf3 Nbd7 8. Qc2 c5 9. h4 c4 10. Be2 Nb6 11. Ne5 Bf5 12. Qd1 Nbd7 13. g4 Be6 14. f3 Qb6 15. Qc2 Rfc8 16. h5 Kf8 17. hxg6 hxg6 18. O-O-O Ng8 19. Rh2 Nxe5 20. dxe5 Bd7 21. Rdh1 f5 22. exf6 Qxf6 23. Bg3 b5 24. f4 a5 25. e4 b4 26. e5 Qe6 27. f5 gxf5 28. gxf5 Qb6 29. Bf2 Qc6 30. Bd4 Qa4 31. Qxa4 Bxa4 32. Rh7 Ra6 33. Rg1 Bh6 34. e6 Be8 35. Rxg8+ 1-0

[Event "KSA SSS 19/20, Zvole-Hostivice"]
[Site "ChessDB.cz"]
[Date "2019.11.17"]
[Round "-"]
[White "Dbaly, Vaclav"]
[Black "Woitsch, Marek"]
[Result "1-0"]
[WhiteElo "1852"]
[BlackElo "1961"]
1. e4 c6 2. d4 d5 3. exd5 cxd5 4. Nf3 Nc6 5. c3 Bf5 6. Bf4 e6 7. Nbd2 Bd6 8. Bg3 Nf6 9. Bh4 Be7 10. h3 Ne4 11. Bxe7 Qxe7 12. Bb5 Nd6 13. Ba4 Rc8 14. Ne5 b5 15. Nxc6 Rxc6 16. Bb3 O-O 17. Qe2 Rb6 18. Bxd5 Qg5 19. Bf3 Qg6 20. b3 Rc8 21. Rc1 b4 22. c4 Nb5 23. Qe3 Nc3 24. O-O Bxh3 25. c5 Ra6 26. Bb7 Rxa2 27. Ra1 Rb8 28. Rxa2 Nxa2 29. Qxh3 Rxb7 30. Qf3 Nc3 31. Ra1 Nd5 32. Ne4 Rc7 33. Ra6 Qh6 34. g3 Qc1+ 35. Kg2 Qb2 36. Qd3 h6 37. Rd6 Kf8 38. Rd8+ Ke7 39. Rb8 Rd7 40. c6 Rd8 41. Rb7+ Kf8 42. Nc5 Rc8 43. Qh7 Ne3+ 44. Kf3 1-0

[Event "KSA SSS 19/20, Hostivice-Slany Velvary"]
[Site "ChessDB.cz"]
[Date "2019.11.03"]
[Round "-"]
[White "Dbaly, Vaclav"]
[Black "Hofner, Frantisek"]
[Result "0-1"]
[WhiteElo "1858"]
[BlackElo "1799"]
1. e4 c5 2. Nf3 Nc6 3. d4 cxd4 4. Nxd4 Nf6 5. Nc3 d6 6. Be3 a6 7. Be2 e6 8. O-O Be7 9. f4 O-O 10. Qe1 Bd7 11. Rd1 Qc7 12. a3 b5 13. Bf3 Rab8 14. Qg3 b4 15. axb4 Rxb4 16. b3 Nxd4 17. Bxd4 Rxd4 18. Rxd4 Qxc3 19. Rc4 Qe3+ 20. Kh1 Bb5 21. Re1 Qb6 22. e5 Nd5 23. Rce4 dxe5 24. fxe5 Nc3 25. Rg4 g6 26. Be4 Nxe4 27. Rexe4 Rd8 28. Re1 Rd2 29. Qc3 Qf2 30. Qg3 Rxc2 31. Qxf2 Rxf2 32. h3 Rb2 33. Re3 Bc6 34. Rc3 Bd5 35. Kg1 Rxb3 36. Rc7 Rb7 37. Rc8+ Kg7 38. Rc1 a5 39. Rc2 Rb4 40. Rg3 a4 41. Kf2 Rb3 42. Rc7 Bb4 43. Rg4 Bc3 0-1

[Event "KSA SSS 19/20, Bustehrad-Hostivice"]
[Site "ChessDB.cz"]
[Date "2019.10.13"]
[Round "-"]
[White "Cizkovsky, Ota"]
[Black "Dbaly, Vaclav"]
[Result "0-1"]
[WhiteElo "1728"]
[BlackElo "1845"]
1. e4 d6 2. Bc4 Nf6 3. d3 c6 4. Ne2 g6 5. O-O Bg7 6. Nbc3 O-O 7. Bb3 a5 8. Be3 b5 9. a3 Nbd7 10. Qd2 Ng4 11. Bd4 e5 12. Be3 Qh4 13. h3 Nxe3 14. Qxe3 Bh6 15. Qg3 Qh5 16. f4 Nc5 17. Ba2 Be6 18. Qf3 Qxf3 19. Rxf3 b4 20. Nd1 Bxa2 21. Rxa2 b3 22. cxb3 Nxb3 23. a4 Rab8 24. Ndc3 Rb6 25. g4 exf4 26. Nxf4 Bxf4 27. Rxf4 Nc1 28. Ra1 Nxd3 29. Rf6 c5 30. Nd5 Rxb2 31. Rxd6 Ne5 32. Nf6+ Kg7 33. Rf1 c4 34. Rd5 Nd3 35. h4 Rc8 36. h5 c3 37. Nxh7 c2 38. Rd7 c1=Q 39. Rxf7+ Kh8 0-1

[Event "KSA SSS 18/19 Brodce - Hostivice"]
[Site "ChessDB.cz"]
[Date "2019.03.31"]
[Round "-"]
[White "Fialka, Miroslav"]
[Black "Dbaly, Vaclav"]
[Result "1/2-1/2"]
[WhiteElo "2023"]
[BlackElo "1832"]
1. d4 d5 2. Bf4 Nf6 3. e3 c6 4. c3 Nbd7 5. Nd2 g6 6. Ngf3 Bg7 7. Bd3 Nh5 8. Bg5 h6 9. Bh4 g5 10. Bg3 Nxg3 11. hxg3 Nf6 12. Ne5 Be6 13. Qb3 Qc7 14. Qc2 Nd7 15. Nxd7 Qxd7 16. O-O-O O-O-O 17. Rde1 Kb8 18. Nb3 b6 19. f3 Rhf8 20. Kb1 Qd6 21. g4 f6 22. e4 Bg8 23. exd5 cxd5 24. Bh7 Bf7 25. Bg6 e5 26. Bxf7 Rxf7 27. Qg6 Re7 28. dxe5 fxe5 29. Qxd6+ Rxd6 30. Nd4 Red7 31. Nf5 Re6 32. Re2 Kc7 33. Kc2 Bf8 34. Rhe1 Bd6 35. g3 Rf7 36. Rh1 Bf8 37. Rd1 Rd7 38. a4 Re8 39. b3 a6 40. Rh1 Re6 41. b4 Rd8 42. Kb3 Kd7 43. Rhe1 Rde8 1/2-1/2

[Event "KSA SSS 18/19, Hosivice A-D"]
[Site "ChessDB.cz"]
[Date "2019.03.17"]
[Round "-"]
[White "Sovany, Attila"]
[Black "Dbaly, Vaclav"]
[Result "0-1"]
[WhiteElo "1773"]
[BlackElo "1832"]
1. d4 Nf6 2. c4 d5 3. cxd5 Nxd5 4. e4 Nb6 5. Nc3 g6 6. f4 Bg7 7. e5 Be6 8. Nf3 O-O 9. Bd3 Nc6 10. Be3 Nd5 11. Qe2 Bg4 12. Nxd5 Qxd5 13. Bc4 Qa5+ 14. Qd2 Qxd2+ 15. Nxd2 Rad8 16. Nb3 Nb4 17. Kd2 c6 18. a3 Nd5 19. Rhg1 Be6 20. Nc5 Nxf4 21. Nxe6 Nxe6 22. Bxe6 fxe6 23. Rac1 Bxe5 24. Kc3 Bxh2 25. Rge1 Rf5 26. Bh6 Kf7 27. Re4 e5 28. Be3 exd4+ 29. Bxd4 b6 30. Rh1 e5 31. Be3 Rh5 32. g4 Rh4 33. Bf2 Rh3+ 34. Kc2 Rdd3 35. Rxh2 Rxh2 36. Kxd3 Rxf2 37. Rxe5 Rxb2 0-1

[Event "KSA SSS 18/19, Zdice - Hostivice"]
[Site "ChessDB.cz"]
[Date "2019.02.24"]
[Round "-"]
[White "Dbaly, Vaclav"]
[Black "Stolz, Lubor"]
[Result "1-0"]
[WhiteElo "1821"]
[BlackElo "1859"]
1. e4 d6 2. d4 Nf6 3. Nc3 g6 4. f4 Bg7 5. Nf3 O-O 6. Bd3 Nbd7 7. O-O c5 8. Ne2 cxd4 9. Nexd4 Nc5 10. Qe2 Nxd3 11. cxd3 Bd7 12. Kh1 Qa5 13. Nb3 Qh5 14. Qf2 Rac8 15. Nfd4 e5 16. Nf3 b6 17. h3 exf4 18. Bxf4 Ng4 19. Qd2 Ne5 20. Kg1 Bb5 21. Nxe5 Qxe5 1-0

[Event "KSA SSS 18/19 Kolesovice-Hostivice"]
[Site "ChessDB.cz"]
[Date "2019.01.27"]
[Round "-"]
[White "Dbaly, Vaclav"]
[Black "Slanec, Jan"]
[Result "0-1"]
[WhiteElo "1824"]
[BlackElo "1946"]
1. e4 c5 2. Nf3 Nc6 3. d4 cxd4 4. Nxd4 g6 5. Be3 Bg7 6. c3 e6 7. Nd2 a6 8. Be2 Nge7 9. O-O d5 10. Nxc6 bxc6 11. exd5 cxd5 12. Nb3 O-O 13. Bf3 Rb8 14. Qe2 Qc7 15. Rfe1 Nf5 16. Bc5 Rd8 17. Bb4 Qd7 18. Rad1 Nd6 19. Ba5 Re8 20. Bb4 Bb7 21. Nc5 Qc6 22. Nd3 Nf5 23. Ne5 Qc7 24. g4 Nh4 25. Bh1 d4 26. Bxb7 Qxb7 27. f4 Bxe5 28. fxe5 Nf3+ 29. Kf2 Nxe1 30. Qxe1 a5 31. Bd6 Rbc8 32. Rb1 dxc3 33. bxc3 Qd5 34. Rb2 Rc4 35. Qe3 Rxg4 0-1

[Event "KSA SSS 18/19, Hostivice - Slany-Velvar"]
[Site "ChessDB.cz"]
[Date "2019.01.13"]
[Round "-"]
[White "Ruzicka, Milos"]
[Black "Dbaly, Vaclav"]
[Result "1/2-1/2"]
[WhiteElo "1941"]
[BlackElo "1825"]
1. d4 Nf6 2. c4 e6 3. Nc3 c5 4. d5 exd5 5. cxd5 d6 6. e4 a6 7. a4 Be7 8. Bc4 O-O 9. Nge2 Nbd7 10. O-O Ne5 11. b3 Re8 12. f3 Rb8 13. Bf4 Ng6 14. Bd2 Bf8 15. Re1 Bd7 16. a5 h6 17. Na4 Bxa4 18. Rxa4 Nd7 19. Ng3 Qf6 20. Qc1 Rbc8 21. Nf5 Nge5 22. Qc3 Ng6 23. Qc1 Nge5 24. Bc3 Qg6 25. Rf1 f6 26. Ra2 Nf7 27. h4 h5 28. Kh2 Nde5 29. Rg1 Qh7 30. Rh1 g6 31. Ng3 Bh6 32. Bd2 Bxd2 33. Qxd2 Qh6 34. Qxh6 Nxh6 35. Re2 Re7 36. Rhe1 Rce8 37. Kg1 Nhf7 38. Kf2 Nxc4 39. bxc4 Ne5 40. Ra1 Nd3+ 41. Kf1 Rb8 42. Ra3 Nb4 43. Rb2 b5 44. axb6 Rxb6 45. Ne2 Ra7 46. Nf4 Kf7 47. Ke2 Nxd5 48. Rxb6 Nxb6 49. Kd3 Nd7 50. Ra4 Ne5+ 51. Kc3 Nc6 52. Ra1 a5 53. Nd5 Rb7 54. Ne3 Ke6 55. f4 Nd4 56. Rxa5 Ne2+ 57. Kc2 Nxf4 58. Ra8 Re7 59. g3 Ne2 60. Nd5 1/2-1/2

[Event "KSA SSS 18/19 Odolena Voda- Hostivice"]
[Site "ChessDB.cz"]
[Date "2018.12.02"]
[Round "-"]
[White "Dbaly, Vaclav"]
[Black "Kylar, Miroslav"]
[Result "0-1"]
[WhiteElo "1814"]
[BlackElo "1905"]
1. e4 c6 2. d4 d5 3. exd5 cxd5 4. Nf3 Nc6 5. h3 Bf5 6. c3 Qc7 7. Bb5 a6 8. Ba4 b5 9. Bc2 Bxc2 10. Qxc2 e6 11. O-O Nf6 12. Bd2 Bd6 13. a4 O-O 14. Rc1 Qb7 15. b4 Rfc8 16. Qb3 Ne4 17. Be3 h6 18. Rc2 Be7 19. Raa2 19. Rca2 Bf6 20. Ne1 Be7 21. Nd3 Ra7 22. f3 Nd6 23. Nc5 Qb6 24. axb5 axb5 25. Na3 25. Rxa7 Nxa7 26. Ra6 Qc7 27. Qa2 Nc6 28. Bf4 Qd8 29. Na3 Bg5 30. Bxd6 Qxd6 31. Nxb5 Qf4 32. Qe2 Qc1+ 33. Kh2 Bf4+ 34. g3 Be3 35. Qg2 Ne7 36. Ra2 Nf5 37. Nd3 Qd1 38. Nf2 Qb3 39. Ng4 Bc1 40. Rc2 Ne3 41. Nxe3 Bxe3 42. Qe2 Qb1 43. Qg2 Bg1+ 44. Qxg1 Qxc2+ 45. Kh1 Qd3 19. .. Bf6 20. Ne1 Ra7 21. f3 Nd6 0-1